[Event "SVK-chT2A 1415"]
[Site "Slovakia"]
[Date "2014.12.06"]
[Round "5.4"]
[White "Ochrana, Ladislav"]
[Black "Machalova, Erika"]
[Result "1/2-1/2"]
[WhiteElo "1994"]
[BlackElo "2102"]
[PlyCount "66"]
[EventDate "2014.10.11"]
[EventType "team-tourn"]
[EventRounds "11"]
[EventCountry "SVK"]
[SourceTitle "EXT 2016"]
[Source "ChessBase"]
[SourceDate "2015.10.08"]
[SourceVersion "1"]
[SourceVersionDate "2015.10.08"]
[SourceQuality "1"]
[WhiteTeam "Devinska Nova Ves II"]
[BlackTeam "Bratislava KSN"]
[WhiteTeamCountry "SVK"]
[BlackTeamCountry "SVK"]

1. d4 Nf6 2. Nf3 e6 3. c4 b6 4. g3 Bb7 5. Bg2 Be7 6. Nc3 d6 7. Qc2 Nbd7 8. b3 d5 9. cxd5 Nxd5 10. Nxd5 Bxd5 11. 0-0 Rc8 12. Nd2 Bxg2 13. Kxg2 c5 14. dxc5 Nxc5 15. Qc4 Bf6 16. Rb1 Qd7 17. Nf3 0-0 18. Bb2 Qb7 19. Bxf6 Ne4 20. Qb4 Nxf6 21. Rbc1 Qa6 22. Qd2 h6 23. Kg1 Qa3 24. Rc2 Ne4 25. Qc1 Qa6 26. Ne5 Qb7 27. Rd1 Rxc2 28. Qxc2 Rc8 29. Qd3 Nc3 30. Qd7 Nxe2+ 31. Kf1 Qh1+ 32. Kxe2 Qe4+ 33. Kf1 Qh1+ 1/2-1/2

[Event "SVK-chT3A2 1415"]
[Site "Slovakia"]
[Date "2014.10.19"]
[Round "1.4"]
[White "Machalova, Erika"]
[Black "Stepanovic, Branislav"]
[Result "1-0"]
[WhiteElo "2102"]
[BlackElo "2003"]
[PlyCount "57"]
[EventDate "2014.10.19"]
[EventType "team-tourn"]
[EventRounds "11"]
[EventCountry "SVK"]
[SourceTitle "EXT 2019"]
[Source "ChessBase"]
[SourceDate "2018.10.10"]
[SourceVersion "1"]
[SourceVersionDate "2018.10.10"]
[SourceQuality "1"]

1. d4 d5 2. c4 e6 3. Nc3 Nf6 4. Bg5 Be7 5. Nf3 0-0 6. e3 Nbd7 7. Qc2 b6 8. cxd5 exd5 9. Bb5 Bb7 10. 0-0 Rc8 11. Rfd1 c6 12. Ba4 b5 13. Bb3 b4 14. Ne2 Ne4 15. Bxe7 Qxe7 16. Qb1 Rfe8 17. Re1 Nxf2 18. Kxf2 Qxe3+ 19. Kf1 Ba6 20. Bd1 Nf6 21. Qc1 Qe4 22. Qd2 Re6 23. Bc2 Qg4 24. Kg1 Ne4 25. Qf4 Qg6 26. Ne5 Qf6 27. Qxf6 gxf6 28. Nf3 Ng5 29. Bf5 1-0

[Event "CZE/SVK-chT (Women)"]
[Site "Liptovsky Mikulas"]
[Date "2014.06.22"]
[Round "4"]
[White "Kocourkova, Zuzana"]
[Black "Machalova, Erika"]
[Result "0-1"]
[WhiteElo "1783"]
[BlackElo "2092"]
[PlyCount "64"]
[EventDate "2014.06.20"]
[EventType "team-tourn"]
[EventRounds "7"]
[EventCountry "SVK"]
[SourceTitle "EXT 2016"]
[Source "ChessBase"]
[SourceDate "2015.10.08"]
[SourceVersion "1"]
[SourceVersionDate "2015.10.08"]
[SourceQuality "1"]
[WhiteTeam "Svetla nad Sazavou"]
[BlackTeam "Bratislava KSN"]
[WhiteTeamCountry "CZE"]
[BlackTeamCountry "SVK"]

1. e4 c5 2. Nf3 d6 3. d4 cxd4 4. Nxd4 Nf6 5. Nc3 a6 6. Be2 e5 7. Nb3 Be6 8. 0-0 Be7 9. f4 Qc7 10. f5 Bc4 11. a4 Nbd7 12. Kh1 0-0 13. Bg5 Rfe8 14. a5 Qc6 15. Bxc4 Qxc4 16. Bxf6 Nxf6 17. Qf3 Rad8 18. Rad1 Rd7 19. Rf2 Bd8 20. Rfd2 Bc7 21. g4 h6 22. h4 d5 23. Nxd5 Nxe4 24. Ne3 Rxd2 25. Nxc4 Rxd1+ 26. Kg2 Re1 27. Ne3 Nd6 28. Qf2 Rb1 29. Nd5 Rxb2 30. Nxc7 Rc8 31. Qc5 Nb5 32. Nc1 Rxc7 0-1

[Event "SVK-chT1W 1213"]
[Site "Slovakia"]
[Date "2013.03.23"]
[Round "10.6"]
[White "Machalova, Erika"]
[Black "Kovac, Andrej"]
[Result "1-0"]
[WhiteElo "2073"]
[BlackElo "2148"]
[PlyCount "91"]
[EventDate "2012.10.20"]
[EventType "team-tourn"]
[EventRounds "11"]
[EventCountry "SVK"]
[SourceTitle "EXT 2015"]
[Source "ChessBase"]
[SourceDate "2014.11.20"]
[SourceVersion "1"]
[SourceVersionDate "2014.11.20"]
[SourceQuality "1"]
[WhiteTeam "Budmerice"]
[BlackTeam "Bratislava Slovan III"]
[WhiteTeamCountry "SVK"]
[BlackTeamCountry "SVK"]

1. d4 Nf6 2. c4 c5 3. d5 b5 4. cxb5 a6 5. b6 g6 6. Nc3 d6 7. a4 a5 8. e4 Qxb6 9. Bb5+ Bd7 10. Bxd7+ Nfxd7 11. Nf3 Bg7 12. Ra3 Na6 13. 0-0 0-0 14. Kh1 Nb4 15. Nd2 Qb7 16. Nc4 Nb6 17. Nxb6 Qxb6 18. Nb5 f5 19. f3 Rf7 20. Re1 Qb7 21. Qe2 fxe4 22. fxe4 Raf8 23. Rf3 Rxf3 24. gxf3 Qc8 25. Rf1 Qh3 26. b3 Be5 27. Qg2 Qh5 28. f4 Bg7 29. Bd2 Bh6 30. Nc7 Rf7 31. Ne6 Nc2 32. Rf3 Qh4 33. Bxa5 Qf6 34. Bc3 Nd4 35. Qf2 Bg7 36. b4 h6 37. b5 g5 38. f5 g4 39. b6 Qe5 40. Qg2 h5 41. b7 Bh6 42. b8Q+ Kh7 43. Qe8 Qf6 44. Bxd4 cxd4 45. Nxd4 Rf8 46. Qg6+ 1-0

[Event "SVK-chT1W 1213"]
[Site "Slovakia"]
[Date "2012.12.08"]
[Round "3.6"]
[White "Machalova, Erika"]
[Black "Gyopos, Istvan"]
[Result "1/2-1/2"]
[WhiteElo "2073"]
[BlackElo "1991"]
[PlyCount "64"]
[EventDate "2012.10.20"]
[EventType "team-tourn"]
[EventRounds "11"]
[EventCountry "SVK"]
[SourceTitle "EXT 2014"]
[Source "ChessBase"]
[SourceDate "2013.11.20"]
[SourceVersion "1"]
[SourceVersionDate "2013.11.20"]
[SourceQuality "1"]
[WhiteTeam "Budmerice"]
[BlackTeam "Batorove Kosihy"]
[WhiteTeamCountry "SVK"]
[BlackTeamCountry "SVK"]

1. d4 f5 2. c4 e6 3. g3 Nf6 4. Bg2 d5 5. Nf3 c6 6. Qc2 Be7 7. 0-0 0-0 8. Bg5 Ne4 9. Bxe7 Qxe7 10. Ne5 Nd7 11. Nxd7 Bxd7 12. Nc3 Qf6 13. Rad1 Be8 14. Nxe4 fxe4 15. b4 Bg6 16. Qb3 Bf7 17. c5 e5 18. e3 Bh5 19. Rd2 Bf3 20. dxe5 Qxe5 21. b5 Qe6 22. Rb1 Qe7 23. Qc3 Rf6 24. bxc6 bxc6 25. Rdb2 Rc8 26. Rb8 Rxb8 27. Rxb8+ Rf8 28. Rxf8+ Qxf8 29. Qb4 Bxg2 30. Kxg2 Qf3+ 31. Kg1 Qd1+ 32. Kg2 Qf3+ 1/2-1/2

[Event "SVK-chT3A2 1213"]
[Site "Slovakia"]
[Date "2012.11.18"]
[Round "4.2"]
[White "Machalova, Erika"]
[Black "Brunovsky, Peter"]
[Result "1-0"]
[WhiteElo "2073"]
[BlackElo "1816"]
[PlyCount "59"]
[EventDate "2012.10.07"]
[EventType "team-tourn"]
[EventRounds "11"]
[EventCountry "SVK"]
[SourceTitle "EXT 2015"]
[Source "ChessBase"]
[SourceDate "2014.11.20"]
[SourceVersion "1"]
[SourceVersionDate "2014.11.20"]
[SourceQuality "1"]
[WhiteTeam "Cifer"]
[BlackTeam "Gbely Nafta"]
[WhiteTeamCountry "SVK"]
[BlackTeamCountry "SVK"]

1. d4 d5 2. c4 c6 3. Nc3 Nf6 4. Nf3 g6 5. e3 Bg7 6. Bd3 0-0 7. 0-0 a6 8. a4 Re8 9. Qb3 e6 10. Re1 Nbd7 11. e4 dxe4 12. Bxe4 Qb6 13. Qc2 Qa7 14. Bg5 Bf8 15. h4 Qb8 16. Bd3 b6 17. Ne4 Nxe4 18. Bxe4 Bb7 19. Qd2 Bg7 20. h5 Nf6 21. Bxf6 Bxf6 22. hxg6 hxg6 23. Ra3 Kg7 24. Rb3 Rh8 25. Rxb6 Bd8 26. Rb3 Qc8 27. Ne5 Bc7 28. Qb4 Rb8 29. Qe7 Bxe5 30. dxe5 1-0

[Event "SVK-chT1W 1112"]
[Site "Slovakia"]
[Date "2012.03.04"]
[Round "11.5"]
[White "Machalova, Erika"]
[Black "Jozefek, Michal"]
[Result "1/2-1/2"]
[WhiteElo "2102"]
[BlackElo "1910"]
[PlyCount "66"]
[EventDate "2011.10.15"]
[EventType "team-tourn"]
[EventRounds "11"]
[EventCountry "SVK"]
[SourceTitle "EXT 2013"]
[Source "ChessBase"]
[SourceDate "2012.11.22"]
[SourceVersion "1"]
[SourceVersionDate "2012.11.22"]
[SourceQuality "1"]
[WhiteTeam "Budmerice"]
[BlackTeam "Osuske"]
[WhiteTeamCountry "SVK"]
[BlackTeamCountry "SVK"]

1. d4 Nf6 2. c4 e6 3. Nc3 Bb4 4. Qc2 c5 5. dxc5 Na6 6. a3 Bxc3+ 7. Qxc3 Nxc5 8. Nf3 0-0 9. b4 Nce4 10. Qc2 d5 11. Bb2 Ng4 12. Bd4 e5 13. h3 Ngxf2 14. Bxf2 Nxf2 15. Kxf2 e4 16. Rd1 exf3 17. exf3 Qe7 18. Rxd5 Be6 19. Rd4 a5 20. Qc3 axb4 21. axb4 Ra2+ 22. Rd2 Rxd2+ 23. Qxd2 Bxc4 24. Bxc4 Qh4+ 25. g3 Qxc4 26. Rc1 Qe6 27. Kg2 h6 28. Rc7 Ra8 29. Rc2 Ra3 30. Rb2 Qf6 31. f4 h5 32. h4 g6 33. Kh2 Kg7 1/2-1/2

[Event "SVK-chT1W 1112"]
[Site "Slovakia"]
[Date "2011.11.13"]
[Round "4.6"]
[White "Machalova, Erika"]
[Black "Detko, Jan"]
[Result "1-0"]
[WhiteElo "2102"]
[BlackElo "2130"]
[PlyCount "51"]
[EventDate "2011.10.15"]
[EventType "team-tourn"]
[EventRounds "11"]
[EventCountry "SVK"]
[SourceTitle "EXT 2013"]
[Source "ChessBase"]
[SourceDate "2012.11.22"]
[SourceVersion "1"]
[SourceVersionDate "2012.11.22"]
[SourceQuality "1"]
[WhiteTeam "Budmerice"]
[BlackTeam "Prievidza II"]
[WhiteTeamCountry "SVK"]
[BlackTeamCountry "SVK"]

1. d4 Nf6 2. c4 e6 3. Nc3 Bb4 4. Qc2 0-0 5. Nf3 d6 6. Bg5 Nbd7 7. e3 Qe8 8. Bd3 e5 9. dxe5 dxe5 10. Nd2 Bxc3 11. Qxc3 Qe6 12. Bxf6 Nxf6 13. Ne4 Nxe4 14. Bxe4 Qe7 15. 0-0 a5 16. Qc2 f5 17. Bd5+ Kh8 18. c5 c6 19. Bb3 f4 20. exf4 Rxf4 21. Qc3 a4 22. Bc2 Bg4 23. Rae1 Re8 24. f3 Bh5 25. Re3 Bf7 26. b3 1-0

[Event "SVK-chT3A2 1011"]
[Site "Slovakia"]
[Date "2011.01.16"]
[Round "6.3"]
[White "Obdrzalkova, Anita"]
[Black "Machalova, Erika"]
[Result "0-1"]
[WhiteElo "2014"]
[BlackElo "2161"]
[PlyCount "44"]
[EventDate "2010.10.17"]
[EventType "team-tourn"]
[EventRounds "11"]
[EventCountry "SVK"]
[SourceTitle "EXT 2012"]
[Source "ChessBase"]
[SourceDate "2011.11.24"]
[SourceVersion "1"]
[SourceVersionDate "2011.11.24"]
[SourceQuality "1"]
[WhiteTeam "Dunajska Streda SK III"]
[BlackTeam "Cífer"]
[WhiteTeamCountry "SVK"]
[BlackTeamCountry "SVK"]

1. d4 Nf6 2. Nf3 e6 3. c4 b6 4. Bg5 h6 5. Bh4 Bb7 6. e3 d6 7. Nc3 Nbd7 8. h3 g5 9. Bg3 Ne4 10. Nxe4 Bxe4 11. Nd2 Bb7 12. e4 Bg7 13. d5 Bxb2 14. dxe6 fxe6 15. Qh5+ Ke7 16. Rb1 Bc3 17. h4 Nf6 18. Qe2 Nxe4 19. Rd1 Kd7 20. Qe3 Bxd2+ 21. Rxd2 Nxd2 22. Qxd2 Qf6 0-1

[Event "SVK-chT1W 1011"]
[Site "Slovakia"]
[Date "2010.11.07"]
[Round "2.5"]
[White "Machalova, Erika"]
[Black "Miklas, Marian"]
[Result "1/2-1/2"]
[WhiteElo "2131"]
[BlackElo "2139"]
[PlyCount "130"]
[EventDate "2010.11.06"]
[EventType "team-tourn"]
[EventRounds "11"]
[EventCountry "SVK"]
[SourceTitle "EXT 2012"]
[Source "ChessBase"]
[SourceDate "2011.11.24"]
[SourceVersion "1"]
[SourceVersionDate "2011.11.24"]
[SourceQuality "1"]
[WhiteTeam "Budmerice"]
[BlackTeam "Trnava Lokomotiva"]
[WhiteTeamCountry "SVK"]
[BlackTeamCountry "SVK"]

1. d4 Nf6 2. c4 g6 3. Nc3 Bg7 4. e4 d6 5. f3 0-0 6. Be3 Nc6 7. Qd2 a6 8. Nge2 Rb8 9. Ng3 e5 10. d5 Nd4 11. Nge2 Nxe2 12. Bxe2 Nd7 13. h4 f5 14. Bg5 Bf6 15. exf5 gxf5 16. 0-0-0 Kh8 17. Bd3 Nc5 18. Bc2 Rg8 19. Bxf6+ Qxf6 20. Rdg1 a5 21. Bd1 Bd7 22. g4 fxg4 23. fxg4 Rbf8 24. g5 Qf4 25. Be2 Ne4 26. Qxf4 Rxf4 27. Nxe4 Rxe4 28. Kd2 Rf8 29. Rh2 Rff4 30. h5 Bg4 31. Bd3 Rd4 32. Kc2 Bf5 33. Bxf5 Rxc4+ 34. Kb1 Rxf5 35. g6 h6 36. b3 Rcf4 37. Rc1 Rf1 38. Rxf1 Rxf1+ 39. Kb2 c5 40. Kc3 b5 41. Kd3 Rf4 42. Ke3 Kg8 43. Ke2 a4 44. bxa4 Rxa4 45. Ke3 Rf4 46. Kd3 b4 47. Ke3 c4 48. Rh1 c3 49. Rc1 Rh4 50. Rb1 Rh3+ 51. Ke2 Rh2+ 52. Kd3 Rd2+ 53. Kc4 Rd4+ 54. Kb3 Rxd5 55. Kxb4 c2 56. Rc1 Rc5 57. Kb3 e4 58. Rxc2 Rxh5 59. Rc6 Re5 60. Rxd6 e3 61. Rd1 Kg7 62. Re1 Kxg6 63. Kc3 Kf5 64. Kd4 e2 65. Kd3 Kf4 1/2-1/2

[Event "SVK-chT3A2 1011"]
[Site "Slovakia"]
[Date "2010.10.17"]
[Round "1.3"]
[White "Machalova, Erika"]
[Black "Palka, Miroslav"]
[Result "1/2-1/2"]
[WhiteElo "2161"]
[BlackElo "1935"]
[PlyCount "50"]
[EventDate "2010.10.17"]
[EventType "team-tourn"]
[EventRounds "11"]
[EventCountry "SVK"]
[SourceTitle "EXT 2012"]
[Source "ChessBase"]
[SourceDate "2011.11.24"]
[SourceVersion "1"]
[SourceVersionDate "2011.11.24"]
[SourceQuality "1"]
[WhiteTeam "Cífer"]
[BlackTeam "Senica SK"]
[WhiteTeamCountry "SVK"]
[BlackTeamCountry "SVK"]

1. d4 d5 2. c4 e6 3. Nc3 Nf6 4. Bg5 Nbd7 5. e3 c6 6. Nf3 Qa5 7. Nd2 dxc4 8. Bxf6 Nxf6 9. Nxc4 Qd8 10. Bd3 Be7 11. 0-0 0-0 12. Qe2 b6 13. Ne5 Bb7 14. Rfd1 Rc8 15. Rac1 Nd5 16. Ne4 f6 17. Nf3 Qe8 18. a3 f5 19. Ned2 c5 20. Ne5 Bd6 21. Ndc4 Bb8 22. Nf3 Qe7 23. dxc5 Rxc5 24. Nce5 Rfc8 25. Rxc5 Rxc5 1/2-1/2

[Event "Brezova op"]
[Site "Brezova pod Bradlom"]
[Date "2010.08.29"]
[Round "9"]
[White "Mazur, Stefan"]
[Black "Machalova, Erika"]
[Result "1-0"]
[WhiteElo "2419"]
[BlackElo "2159"]
[PlyCount "107"]
[EventDate "2010.08.22"]
[EventType "swiss"]
[EventRounds "9"]
[EventCountry "SVK"]
[SourceTitle "CBM 138 Extra"]
[Source "ChessBase"]
[SourceDate "2010.10.29"]
[SourceVersion "1"]
[SourceVersionDate "2010.10.29"]
[SourceQuality "1"]

1. e4 c5 2. Nf3 d6 3. d4 cxd4 4. Nxd4 Nf6 5. Nc3 a6 6. f4 e5 7. Nf3 Nbd7 8. a4 Qc7 9. Bd3 Be7 10. 0-0 0-0 11. Qe1 exf4 12. Bxf4 Ne5 13. Nxe5 dxe5 14. Bg5 Ng4 15. Bxe7 Qxe7 16. Nd5 Qc5+ 17. Kh1 Be6 18. Qg3 Bxd5 19. exd5 Ne3 20. Rfe1 e4 21. Qxe3 Qxe3 22. Rxe3 exd3 23. Rxd3 Rac8 24. c3 Rfd8 25. Kg1 Kf8 26. Rc1 Rc5 27. c4 b5 28. axb5 axb5 29. b3 Ke7 30. Kf2 Kd6 31. Ke3 Rdc8 32. Rdc3 Ra8 33. Kd4 Ra2 34. R1c2 Ra1 35. Rf3 Rd1+ 36. Rd3 Ra1 37. Rdd2 bxc4 38. bxc4 Ra4 39. Kd3 Ra3+ 40. Rc3 Ra1 41. Rb3 Rc1 42. Rb4 Rf1 43. Ra4 Rc7 44. g3 Rc1 45. Kd4 f6 46. Rd3 Kd7 47. Rc3 Rd1+ 48. Ke4 Re1+ 49. Kd3 Rh1 50. c5 Rd1+ 51. Kc4 f5 52. Ra8 Ke7 53. c6 Rd2 54. Kc5 1-0

[Event "SVK-chT1W 0910"]
[Site "Slovakia"]
[Date "2010.01.17"]
[Round "7.1"]
[White "Nagy, Attila2222"]
[Black "Machalova, Erika"]
[Result "1/2-1/2"]
[WhiteElo "2198"]
[BlackElo "2148"]
[PlyCount "160"]
[EventDate "2009.10.17"]
[EventType "team"]
[EventRounds "11"]
[EventCountry "SVK"]
[SourceTitle "EXT 2011"]
[Source "ChessBase"]
[SourceDate "2010.11.26"]
[SourceVersion "1"]
[SourceVersionDate "2010.11.26"]
[SourceQuality "1"]
[WhiteTeam "Galanta"]
[BlackTeam "Budmerice"]
[WhiteTeamCountry "SVK"]
[BlackTeamCountry "SVK"]

1. c4 e5 2. Nc3 Nc6 3. g3 g6 4. Bg2 Bg7 5. Nf3 f5 6. 0-0 d6 7. d3 Nf6 8. Bg5 h6 9. Bxf6 Qxf6 10. Nd5 Qf7 11. e4 0-0 12. Ne1 Be6 13. Nc2 Qd7 14. Qd2 Kh7 15. b4 Nd8 16. b5 c6 17. Nc3 f4 18. f3 c5 19. g4 Bf7 20. Rfb1 Ne6 21. Rb3 Bf6 22. Qf2 Bd8 23. Ra3 Ng7 24. Rb1 Be6 25. Ra4 Bb6 26. h4 Qd8 27. Rb3 Qd7 28. Kf1 Qd8 29. Ke2 Qd7 30. Qe1 Qd8 31. Nd5 Bxd5 32. cxd5 Qd7 33. Na3 Rab8 34. Nc4 Rbd8 35. Qh1 Qe7 36. Qh3 Rfe8 37. Qh1 Rf8 38. Qe1 Rfe8 39. Bh3 Rf8 40. Kd1 Kg8 41. Rb2 Kh7 42. Rh2 Qe8 43. Rb2 Qe7 44. Ra3 Rfe8 45. Rab3 Rb8 46. a4 Rf8 47. Rg2 Ra8 48. a5 Bd8 49. Rbb2 Rb8 50. Ra2 Ra8 51. b6 a6 52. Rac2 Ne8 53. g5 h5 54. Qc3 Ng7 55. Qa3 Re8 56. Rge2 Qf8 57. Qa4 Be7 58. Qd7 Rab8 59. Qa4 Red8 60. Bd7 Qf7 61. Bh3 Bf8 62. Kd2 Ra8 63. Rc1 Rab8 64. Rc2 Ra8 65. Qa3 Rab8 66. Qc3 Re8 67. Ke1 Rbd8 68. Kf2 Rb8 69. Na3 Rbd8 70. Qc4 Rb8 71. Nb1 Rbd8 72. Nd2 Rb8 73. Qa4 Rbd8 74. Re1 Rb8 75. Qd7 Be7 76. Nc4 Qf8 77. d4 Red8 78. Qa4 exd4 79. Ke2 Qf7 80. Nb2 Bf8 1/2-1/2

[Event "CZE/SVK-chT (Women)"]
[Site "Martin"]
[Date "2010.??.??"]
[Round "7"]
[White "Machalova, Erika"]
[Black "Olsarova, Tereza"]
[Result "1-0"]
[WhiteElo "2155"]
[BlackElo "2265"]
[PlyCount "69"]
[EventDate "2010.05.??"]
[EventType "team-tourn"]
[EventRounds "7"]
[EventCountry "SVK"]
[SourceTitle "EXT 2012"]
[Source "ChessBase"]
[SourceDate "2011.11.24"]
[SourceVersion "1"]
[SourceVersionDate "2011.11.24"]
[SourceQuality "1"]

1. d4 c5 2. d5 Nf6 3. c4 e6 4. Nc3 exd5 5. cxd5 d6 6. Nf3 g6 7. Nd2 Bg7 8. e4 0-0 9. Be2 b6 10. 0-0 Na6 11. f4 Nc7 12. a4 Ba6 13. Ra3 Bxe2 14. Qxe2 Re8 15. Qd3 a6 16. Re1 Rb8 17. Nf3 b5 18. Nd1 c4 19. Qc2 Nd7 20. Be3 Rf8 21. Nd4 Bxd4 22. Bxd4 f5 23. Rg3 Qe7 24. Bc3 fxe4 25. Rxe4 Qf7 26. Re7 Qxe7 27. Rxg6+ Kf7 28. Rg7+ Ke8 29. Rxe7+ Kxe7 30. Qxh7+ Rf7 31. Qh4+ Nf6 32. Ne3 Nce8 33. Qh3 Kd8 34. Qe6 Rbb7 35. Ba5+ 1-0

[Event "CZE/SVK-chT (Women)"]
[Site "Martin"]
[Date "2010.??.??"]
[Round "3"]
[White "Milcova, Zuzana"]
[Black "Machalova, Erika"]
[Result "0-1"]
[WhiteElo "1965"]
[BlackElo "2155"]
[PlyCount "66"]
[EventDate "2010.05.??"]
[EventType "team-tourn"]
[EventRounds "7"]
[EventCountry "SVK"]
[SourceTitle "EXT 2012"]
[Source "ChessBase"]
[SourceDate "2011.11.24"]
[SourceVersion "1"]
[SourceVersionDate "2011.11.24"]
[SourceQuality "1"]

1. e4 c5 2. d4 cxd4 3. c3 dxc3 4. Nxc3 Nc6 5. Nf3 d6 6. Bc4 e6 7. 0-0 Nf6 8. Qe2 Be7 9. Rd1 e5 10. Bg5 Bg4 11. Bb5 0-0 12. Bxc6 bxc6 13. h3 Bxf3 14. Qxf3 Qd7 15. Rd2 Rfd8 16. Rad1 Ne8 17. Be3 Qb7 18. Qe2 Rd7 19. Qc4 Rad8 20. f4 Bf6 21. b4 Nc7 22. fxe5 Bxe5 23. Bd4 Bf4 24. Rf2 Ne6 25. Ne2 Bg5 26. Rf3 d5 27. exd5 Rxd5 28. Re1 Nxd4 29. Nxd4 Qb6 30. Qxc6 Qxd4+ 31. Kh1 Re5 32. Ref1 f6 33. b5 Rde8 0-1

[Event "CZE/SVK-chT (Women)"]
[Site "Martin"]
[Date "2010.??.??"]
[Round "5"]
[White "Zakoucka, Adela"]
[Black "Machalova, Erika"]
[Result "1-0"]
[WhiteElo "1995"]
[BlackElo "2155"]
[PlyCount "81"]
[EventDate "2010.05.??"]
[EventType "team-tourn"]
[EventRounds "7"]
[EventCountry "SVK"]
[SourceTitle "EXT 2012"]
[Source "ChessBase"]
[SourceDate "2011.11.24"]
[SourceVersion "1"]
[SourceVersionDate "2011.11.24"]
[SourceQuality "1"]

1. e4 c5 2. Nf3 d6 3. d4 cxd4 4. Nxd4 Nf6 5. Nc3 a6 6. Be2 e5 7. Nb3 Be7 8. 0-0 Be6 9. Re1 0-0 10. Bf3 Nbd7 11. a4 Qc7 12. Nd2 Rfd8 13. Nf1 Rac8 14. Ne3 Bf8 15. Ncd5 Bxd5 16. exd5 g6 17. Be2 Bg7 18. a5 Nc5 19. Nc4 Ne8 20. Bg5 Bf6 21. Be3 Be7 22. Nb6 Rb8 23. c4 f5 24. f3 Nf6 25. b4 Ncd7 26. Rc1 Rf8 27. Na4 Rbc8 28. c5 dxc5 29. bxc5 Bd8 30. c6 bxc6 31. Rxc6 Qb8 32. Qd2 Ne8 33. Bxa6 Rxc6 34. dxc6 Ndf6 35. Nb6 Nc7 36. Bc4+ Kh8 37. Bc5 Re8 38. Bf7 Be7 39. Bd6 Rd8 40. Bxe7 Rxd2 41. Bxf6# 1-0

[Event "Brezova op"]
[Site "Brezova pod Bradlom"]
[Date "2009.08.25"]
[Round "5"]
[White "Machalova, Erika"]
[Black "Jozefek, Michal"]
[Result "1-0"]
[WhiteElo "2148"]
[BlackElo "1940"]
[PlyCount "39"]
[EventDate "2009.08.22"]
[EventType "swiss"]
[EventRounds "9"]
[EventCountry "SVK"]
[SourceTitle "CBM 132 Extra"]
[Source "ChessBase"]
[SourceDate "2009.11.03"]
[SourceVersion "1"]
[SourceVersionDate "2009.11.03"]
[SourceQuality "1"]

1. d4 Nf6 2. c4 g6 3. Nc3 Bg7 4. e4 d6 5. f3 0-0 6. Be3 Nc6 7. Qd2 e5 8. d5 Nd4 9. Nge2 c5 10. dxc6 Nxc6 11. Rd1 Be6 12. b3 Qa5 13. Nb5 Nb4 14. Nec3 Rfd8 15. a3 Nc6 16. b4 Nxb4 17. axb4 Qxb4 18. Nc7 Rac8 19. N7d5 Nxd5 20. Nxd5 1-0

[Event "SVK-chT1W 0809"]
[Site "Slovakia"]
[Date "2009.03.07"]
[Round "10.6"]
[White "Machalova, Erika"]
[Black "Miklasova, Marta"]
[Result "1-0"]
[WhiteElo "2142"]
[BlackElo "1854"]
[PlyCount "147"]
[EventDate "2008.10.18"]
[EventType "team-tourn"]
[EventRounds "11"]
[EventCountry "SVK"]
[SourceTitle "EXT 2010"]
[Source "ChessBase"]
[SourceDate "2010.11.25"]
[SourceVersion "1"]
[SourceVersionDate "2010.11.25"]
[SourceQuality "1"]
[WhiteTeam "Budmerice"]
[BlackTeam "Povazska Bystrica Sparta"]
[WhiteTeamCountry "SVK"]
[BlackTeamCountry "SVK"]

1. d4 Nf6 2. c4 g6 3. Nc3 d5 4. cxd5 Nxd5 5. e4 Nxc3 6. bxc3 Bg7 7. Be3 c5 8. Qd2 Qa5 9. Rb1 a6 10. Bc4 0-0 11. Ne2 Nc6 12. Bd5 cxd4 13. cxd4 Qxd2+ 14. Kxd2 e6 15. Bxc6 bxc6 16. Rhc1 e5 17. Rxc6 exd4 18. Bxd4 Rd8 19. Ke3 Bd7 20. Rc7 Bh6+ 21. Kf3 Bb5 22. Be3 Bxe3 23. fxe3 Rd6 24. Nc3 Rf6+ 25. Kg3 Re8 26. Rb4 Rfe6 27. Rc5 Kg7 28. Nxb5 axb5 29. Rcxb5 Rxe4 30. Rxe4 Rxe4 31. Rb3 Ra4 32. a3 h5 33. Kf3 g5 34. h3 Kg6 35. Ke2 g4 36. hxg4 Rxg4 37. Kf3 Ra4 38. Rd3 f5 39. Rb3 Kg5 40. Rc3 Kg6 41. Rd3 Kg5 42. Kf2 Kg6 43. Ke1 Kg5 44. Kd1 Rg4 45. Rd2 Re4 46. Re2 h4 47. Ke1 h3 48. gxh3 Kh4 49. Kf2 Kxh3 50. Kf3 Kh4 51. Rb2 Kg5 52. Rb4 Re5 53. a4 Ra5 54. Ke2 Kf6 55. Kd3 Kg5 56. Rd4 Rc5 57. Rc4 Ra5 58. Kc2 Re5 59. Kd2 Ra5 60. Kc2 Re5 61. Rc3 Ra5 62. Kb3 Kf6 63. Kb4 Re5 64. a5 Re4+ 65. Kb5 Ke7 66. a6 Re5+ 67. Kb6 Kd7 68. a7 Re8 69. Kb7 Re4 70. Rd3+ Ke6 71. a8Q Rb4+ 72. Kc6 Rc4+ 73. Kb5 Re4 74. Qc6+ 1-0

[Event "SVK-chT2A 0809"]
[Site "Slovakia"]
[Date "2009.03.01"]
[Round "11.3"]
[White "Kovac, Andrej"]
[Black "Machalova, Erika"]
[Result "1/2-1/2"]
[WhiteElo "2038"]
[BlackElo "2142"]
[PlyCount "70"]
[EventDate "2008.10.11"]
[EventType "team-tourn"]
[EventRounds "11"]
[EventCountry "SVK"]
[SourceTitle "EXT 2010"]
[Source "ChessBase"]
[SourceDate "2010.11.25"]
[SourceVersion "1"]
[SourceVersionDate "2010.11.25"]
[SourceQuality "1"]
[WhiteTeam "Bratislava Slavia STU"]
[BlackTeam "Bratislava Doprastav IV"]
[WhiteTeamCountry "SVK"]
[BlackTeamCountry "SVK"]

1. e4 c5 2. Nf3 d6 3. d4 cxd4 4. Nxd4 Nf6 5. Nc3 a6 6. Bg5 e6 7. Qd2 b5 8. 0-0-0 b4 9. Nce2 Nxe4 10. Bxd8 Nxd2 11. Bh4 Nxf1 12. Rhxf1 Be7 13. Bg3 Bb7 14. f3 d5 15. Rfe1 Nd7 16. Nf4 0-0 17. Nd3 Rfe8 18. Re2 Rac8 19. Rde1 Nc5 20. Nf2 g6 21. Nb3 Nxb3+ 22. axb3 Bf6 23. Ng4 Bg7 24. Bh4 Kh8 25. Nf6 Red8 26. f4 Rd6 27. g4 Bc6 28. g5 Bb5 29. Rd2 a5 30. Bf2 a4 31. bxa4 Bxa4 32. Bd4 Ra6 33. Re3 Bb3 34. Kb1 Ba2+ 35. Kc1 Bb3 1/2-1/2